Vorlesungen zur Entwicklungsgeschichte der Mechanik

Αποθηκεύτηκε σε:
Λεπτομέρειες βιβλιογραφικής εγγραφής
Κύριος συγγραφέας: Fierz, Markus
Μορφή: Βιβλίο
Γλώσσα:German
Δημοσίευση: Berlin ; New York : Springer, 1972
Σειρά:Lecture notes in physics ; ; 15
Θέματα:
Ετικέτες: Προσθήκη ετικέτας
Δεν υπάρχουν, Καταχωρήστε ετικέτα πρώτοι!

MARC

LEADER 00000cam a2200000 i 4500
001 1/58605
008 941103s1972 ger d
020 |a 3540059075  |c DM16.00 
035 |l 10045938 
035 |a 1987 
040 |a GR-MY-UA  |b gre  |e aacr 
041 0 |a ger 
082 0 |a 531.1501 
100 1 |a Fierz, Markus. 
245 1 0 |a Vorlesungen zur Entwicklungsgeschichte der Mechanik /  |c Markus Fierz 
260 |a Berlin ; New York :   |b Springer,   |c 1972 
300 |a 97 p.;  |b illus;  |c 26 cm. 
490 1 |a Lecture notes in physics  |v ; 15 
504 |a Bibliography: p. 96-97 
650 0 0 |a Mechanics  |x History. 
830 0 |a Lecture notes in physics ;  |v ; 15 
852 |a INST  |b SAMOS  |e 19941103  |h 530.1501 FIE  |p 005300000825  |q 005300000825  |t BK  |y 0 
909 |a Σ  |b 007334